Satyarth Prakash: (Record no. 203050)

MARC details
000 -LEADER
fixed length control field 00725nam a22002177a 4500
005 - DATE AND TIME OF LATEST TRANSACTION
control field 20240919152819.0
010 ## - LCCN (DPL NO)
LC control number ENG-140391, ENG-140392, ENG-140393
020 ## - INTERNATIONAL STANDARD BOOK NUMBER
International Standard Book Number 9788195474066
Terms of availability 250.00
035 ## - SYSTEM CONTROL NUMBER
System control number EN-123923
035 ## - SYSTEM CONTROL NUMBER
System control number EN-123924
035 ## - SYSTEM CONTROL NUMBER
System control number EN-123925
037 ## - SOURCE OF ACQUISITION
Source of stock number/acquisition DBAD
082 ## - DEWEY DECIMAL CLASSIFICATION NUMBER
Classification number 181.46
100 ## - MAIN ENTRY--PERSONAL NAME
Personal name Saraswati, Dayanand
245 ## - TITLE STATEMENT
Title Satyarth Prakash:
Remainder of title Light Of Truth/
Statement of responsibility, etc by Dayanand Saraswati; translated by Chiranjeev Bharadwaj
260 ## - PUBLICATION, DISTRIBUTION, ETC. (IMPRINT)
Place of publication, distribution, etc Delhi
Name of publisher, distributor, etc Arsh Sahitya Prachar Trust
Date of publication, distribution, etc 2022
270 ## - ADDRESS
Address 427,Gali Mandir Wali,Naya Bans, Khari Baoli
City Tamil Nadu
Postal code 110006
300 ## - PHYSICAL DESCRIPTION
Extent 806p.
Dimensions 22cm, (hb}
700 ## - ADDED ENTRY--PERSONAL NAME
Personal name Bharadawaj, Chiranjeev
9 (RLIN) 66519
942 ## - ADDED ENTRY ELEMENTS (KOHA)
Source of classification or shelving scheme Dewey Decimal Classification
Item type English Books
Classification part 181.46
Call number suffix SAR
Holdings
Withdrawn status Lost status Not for loan Collection code Home library Current library Date acquired Source of acquisition Cost, normal purchase price Full call number Barcode Copy number Cost, replacement price Koha item type
      Non-fiction Narela Narela 20/05/2024 DBAD 250.00 181.46 SAR EN-123925 1 250.00 English Books
      Non-fiction New Police Line New Police Line 20/05/2024 DBAD 250.00 181.46 SAR EN-123924 1 250.00 English Books
      Non-fiction Shahdara Branch Shahdara Branch 20/05/2024 DBAD 250.00 181.46 SAR EN-123923 1 250.00 English Books

© Delhi Public Library
Hit Counter
free hit counter